| 000 | 00659nam a22002057a 4500 | ||
|---|---|---|---|
| 005 | 20251003161606.0 | ||
| 008 | 220422s2016 es ||||fr|||| 00| 0 spa d | ||
| 020 | _a978-84-944338-4-9 | ||
| 040 |
_cCAAAP _aCAAAP _bspa |
||
| 041 | _aspa | ||
| 050 |
_aHT 401.D4 _b.K48 |
||
| 100 | 1 |
_95302 _aKeucheyan, Razmig |
|
| 245 | 1 | 3 |
_aLa naturaleza es un campo de batalla : _bensayo de ecología política / _cRazmig Keucheyan |
| 250 | _a1ra edición | ||
| 260 |
_aMadrid, España : _bClave Intelectual, _c2016 |
||
| 300 |
_a205 páginas _b22 cm. |
||
| 650 | 0 |
_9258 _aEcología _vAspectos políticos |
|
| 650 | 0 |
_91924 _aConflictos Sociales |
|
| 942 |
_2lcc _bDD - MM - AA _cBK |
||
| 999 |
_c3796 _d3796 |
||